000 01066nam a2200313 i 4500
001 000015216
003 DO-SdBNP
005 20250919110827.0
007 ta
008 100203t2009 dr 001 0 spa d
020 _a9789945427844
040 _aDO-SdBNP
_bspa
_cBNPHU
_erda
041 _aspa
082 4 _a972.9362
_bJ61t 2009
_222
100 1 _aJiménez, Elías,
_d1870-1942
_eautor
_4aut.
_920011
245 1 0 _aTradiciones mocanas /
_cElías Jiménez.
264 4 _aSanto Domingo :
_bNacional,
_c©2009.
300 _a187 páginas ;
_c24 cm.
336 _atexto
_btxt
_2rdacontent
337 _asin mediación
_bn
_2rdamedia
338 _avolumen
_bnc
_2rdacarrier
500 _aIncluye referencias bibliográficas y notas al pie de páginas.
590 _aInventariado, 2023 / DG
650 4 _aCiudades y pueblos
_zRepública Dominicana
_9784
651 4 _aMoca (República Dominicana)
_xHistoria local
_97056
651 4 _aMoca (República Dominicana)
_xVida social y costumbres
_920012
910 _aValidado. Control de calidad EMS.
942 _2ddc
_cLBS1
999 _c14786
_d14786